| 000 | 00773nam a22001697a 4500 | ||
|---|---|---|---|
| 999 |
_c61518 _d61518 |
||
| 005 | 20240321121326.0 | ||
| 008 | 240321s2009 ge ||||| |||| 00| 0 geo d | ||
| 022 | _a1987-8788 | ||
| 041 | _ageo | ||
| 245 |
_aკადმოსი : _b2009. ჰუმანიტარულ კვლევათა ჟურნალი/ _cრედ. ზურაბ კიკნაძე. |
||
| 260 |
_aთბილისი : _bილიას სახელმწიფო უნივერსიტეტი, _c2009- |
||
| 300 | _aV. | ||
| 653 | _aჰუმანიტარულ კვლევათა ჟურნალი | ||
| 653 | _aპერიოდიკა | ||
| 700 |
_aკიკნაძე, ზურაბ _eრედაქტორი _921511 |
||
| 942 |
_2udc _cCR |
||